00405nam a22001457a 450000500170000000800410001702000150005808200070007310000180008024500890009826000370018730000090022494200150023399900110024820251009110908.0251009b |||||||| |||| 00| 0 eng d a0763714216 aLC aPoor, Belinda aEnd of life nursing careb/End of life nursing carec Belinda Poor, Gail P. Poirrier aCanadabJones and Bartlettc2001 c23cm 2ddccBKn0 c93d93